Pokkuvaravukal/ (Record no. 67904)

000 -LEADER
fixed length control field 00360nam a22001457a 4500
082 ## - DEWEY DECIMAL CLASSIFICATION NUMBER
Classification number M803
Item number DIV/P
100 ## - MAIN ENTRY--AUTHOR NAME
Personal name Divya Shaji
245 ## - TITLE STATEMENT
Title Pokkuvaravukal/
Statement of responsibility, etc by Divya Shaji
260 ## - PUBLICATION, DISTRIBUTION, ETC. (IMPRINT)
Place of publication Kottayam:
Name of publisher Knowledge Tree Publications,
Year of publication 2016.
300 ## - PHYSICAL DESCRIPTION
Number of Pages 55p.
650 ## - SUBJECT ADDED ENTRY--TOPICAL TERM
Topical Term Memoirs Malayalam
650 ## - SUBJECT ADDED ENTRY--TOPICAL TERM
Topical Term Literature Malayalam
650 ## - SUBJECT ADDED ENTRY--TOPICAL TERM
Topical Term Literature
942 ## - ADDED ENTRY ELEMENTS (KOHA)
Koha item type Book
Holdings
Withdrawn status Lost status Damaged status Not for loan Permanent Location Current Location Shelving location Date acquired Cost, normal purchase price Full call number Accession Number Price effective from Koha item type
        Sree Sankaracharya University of Sanskrit Sree Sankaracharya University of Sanskrit Stacks 16.09.2017 50.00 M803 DIV/P 085063 16.09.2017 Book